000 00772nam a2200253Ia 4500
003 OSt
005 20220923211337.0
006 a|||||r|||| 00| 0
007 ta
008 Pun
020 _a9788182993693 (hbk)
_c175
024 _a290,279
037 _b1012, 24/02/2016, H.K. Prakashan
_cTextual
040 _aARTS
_cARTS
_bPun
041 _2Pun
_aPun
082 _aO153,2NS01,DT, Q4
100 _aਸੂਦ, ਕੇਵਲ
245 0 _aਡਾਇਣ ਤੇ ਡਰ
260 _aਦਿੱਲੀ
_b ਆਰਸੀ ਪਬਲਿFਰਗ਼
_c2014
300 _a80ਪੰ
_ccm.
650 _aਪੰਜਾਬੀ ਸਾਹਿਤ
942 _hO153,2NS01,DT, Q4
_cTEXL
_2CC
999 _c298646
_d298646